00535nam a2200169Ia 4500008004100000040001900041041001200060082002400072100002900096245004400125260004300169300002100212850001000233942000700243999001700250952009800267131103s9999 xx 000 0 und d aLoreto College aEnglish a891.433/DESbLCLIB/ aDesai,Ramanlal Vasantlal aDivya ChakshucRamanlal Vasantlal Desai aPrayagbIndian Press Limitedc[19 - ?] a299 p. c 18 cm. aLCLIB cBK c19067d69546 00104070aMAINbMAINd2013-11-04l0o891.433/DES LCLIB/pB19967r2013-11-04w2013-11-04yBK